00353nam a2200133Ia 4500008004100000020001400041041000800055082001900063100002300082245005000105260003400155300001700189365001300206210423s1987 xx 000 0 und d a791078175 aeng a809.93592 BLOH aBLOOM (Harold),Ed. aBlooms modern critical views Charles Dickens. aNew YorkbChelsea Housec1987 aviii,365bPB b395cINR